Statistics for WWE Nicknames Or Catchphrase

Click here to take the quiz!

General Stats

  • This quiz has been taken 266 times
  • The average score is 16 of 20

Answer Stats

HintAnswer% Correct
The Big Red MachineKane
99%
The GameTriple H
94%
Phenomenal OneAJ Styles
91%
Beast IncarnateBrock Lesnar
90%
Yes!Daniel Bryan
90%
You Can't See MeJohn Cena
88%
Big DogRoman Reigns
87%
Monster Among MenBraun Strowman
85%
Demon KingFinn Balor
85%
The ArchitectSeth Rollins
85%
Lunatic FienchDean Ambrose
83%
The BossSasha Banks
82%
Dead ManThe Undertaker
81%
What's UpR Truth
80%
The BarSheamus
72%
Lone WolfBaron Corbin
70%
GoddessAlexa Bliss
66%
Punjabi PlayboyThe Great Khali
62%
New Day RocksThe New Day
57%
Woo Woo WooZach Ryder
28%

Score Distribution

Percentile by Number Answered

Percent of People with Each Score

Your Score History

You have not taken this quiz